CAD/CAM COMPUTER-AIDED DESIGN AND MANUFACTURING (Record no. 581191)
[ view plain ]
| 000 -LEADER | |
|---|---|
| fixed length control field | 00416nam a22001457a 4500 |
| 020 ## - INTERNATIONAL STANDARD BOOK NUMBER | |
| International Standard Book Number | 0131101307 |
| 082 ## - DEWEY DECIMAL CLASSIFICATION NUMBER | |
| Classification number | 670.2854 GRO |
| 100 ## - MAIN ENTRY--PERSONAL NAME | |
| Personal name | GROOVER,MIKELL P |
| 9 (RLIN) | 10254 |
| 245 ## - TITLE STATEMENT | |
| Title | CAD/CAM COMPUTER-AIDED DESIGN AND MANUFACTURING |
| 260 ## - PUBLICATION, DISTRIBUTION, ETC. | |
| Place of publication, distribution, etc. | NEW JERSEY |
| Name of publisher, distributor, etc. | PRENTICE HALL |
| Date of publication, distribution, etc. | 1984 |
| 300 ## - PHYSICAL DESCRIPTION | |
| Extent | 489P |
| 650 ## - SUBJECT ADDED ENTRY--TOPICAL TERM | |
| Topical term or geographic name entry element | CAD/CAM COMPUTER-AIDED DESIGN AND MANUFACTURING |
| 9 (RLIN) | 75787 |
| 700 ## - ADDED ENTRY--PERSONAL NAME | |
| Personal name | ZIMMERS,EMORY W |
| 9 (RLIN) | 45156 |
| 942 ## - ADDED ENTRY ELEMENTS (KOHA) | |
| Koha item type | Book |
| Withdrawn status | Lost status | Damaged status | Not for loan | Permanent Location | Current Location | Shelving location | Date acquired | Total Checkouts | Full call number | Barcode | Date last seen | Price effective from | Koha item type |
|---|---|---|---|---|---|---|---|---|---|---|---|---|---|
| College of Electrical & Mechanical Engineering (CEME) | College of Electrical & Mechanical Engineering (CEME) | General Stacks | 02/22/2017 | 670.2854 GRO | CEME-19156 | 06/28/2021 | 06/28/2021 | Book |
